Strongest One Piece Characters - Statistics

General Stats
  • This quiz has been taken 319 times
    318 since last reset
  • The average score is 21 of 30
Answer Stats
Hint Answer % Correct
9 Monkey D. Luffy
98%
2(interchangeable) Gol D. Roger
93%
2(interchangeable) Whitebeard
93%
23(interchangeable) Roronoa Zoro
91%
6 Shanks
91%
23(interchangeable) Vinsmoke Sanji
90%
7 Kaido
88%
2(interchangeable) Monkey D. Garp
86%
22 Big Mom
85%
8 Marshall D. Teach
85%
5 Mihawk
82%
15 Akainu
78%
1 Davy D. Xebec
77%
21 Kizaru
75%
16 Kuzan
74%
29 Trafalgar D. Water Law
73%
30 Eustass Kid
71%
13 Sengoku
65%
10(interchangeable) Silvers Rayleigh
62%
18 The Gorosei(not including Garling)
58%
28 Marco
57%
25 Fujitora
56%
17 Loki
56%
27 Sabo
54%
10(interchangeable) Scopper Gaban
54%
12 Figarland Garling
49%
14 Figarland Shamrock
46%
19 Kozuki Oden
46%
26 Yamato
38%
20 Harald
30%
No matching quizzes found
Score Distribution
Percent of People with Each Score
Percentile by Number Answered
Your Score History
You have not taken this quiz since the last reset